01463nabaa22001697a 4500003000400000005001700004008004100021040000700062100002800069245017700097300001400274505075300288505009001041650002701131650002001158773011501178OSt20260122085454.0190701b xxu||||| |||| 00| 0 spa d cPJ aRivera, Fernando Manuel13aEl dominio y jurisdicción de las provincias con litoral marítimo en materia de pesca :bantecedentes de las provincias con litoral marítimo /cFernando Manuel Rivera. ap. 71-100 aSumario: I. La provincia de Buenos Aires.— II. La creación de las provincias patagónicas.— III. La determinación de límites en las constituciones de las provincias con litoral marítimo.— IV. Los límites provinciales en la jurisprudencia de la Corte Suprema.— V. La competencia en las causas de almirantazgo y jurisdicción marítima.— VI. La evolución de los derechos de los estados sobre el mar y la evolución de la legislación pesquera argentina.— VII. El art. 124 de la Constitución argentina de 1994.— VIII. La federalización de los hidrocarburos.— IX. Primacía del derecho federal.— X. La Convención de Derechos del Mar.— XI. La jurisprudencia de la Corte Suprema sobre los recursos pesqueros.  t¿Te interesa el texto completo? Comunicate al correo: koha@justierradelfuego.gov.ar  0aDERECHO ADMINISTRATIVO 0aDERECHO DEL MAR0 02842dBuenos Aires : AbeledoPerrot, 2012-oDA121tDerecho administrativo. Nº 145 enero/febrero 2023z18510590